| 000 | 00722nam a22002177a 4500 | ||
|---|---|---|---|
| 999 |
_c13654 _d13654 |
||
| 003 | AR-CdUCM | ||
| 008 | 190416b ||||| |||| 00| 0 spa d | ||
| 040 |
_aMUNICIPALIDAD PROVINCIAL DEL CUSCO _cBIBLIOTECA MUNICIPAL DEL CUSCO |
||
| 082 |
_aEP / 372.985 / _bG22 |
||
| 100 |
_aGarcia Gaviedes, Miguel Angel _932155 |
||
| 245 | _aLas chutas de Oropesa / | ||
| 260 |
_aCusco : _bDeposito legal en la biblioteca nacional del PerĂº, _c2016. |
||
| 300 |
_a12 paginas ; _bilustraciones, graficos, _c30 cm. |
||
| 500 | _aHistoria del pan de la ciudad de Oropesa | ||
| 650 |
_aHistoria _9136 |
||
| 650 |
_aPan _932156 |
||
| 650 |
_aTestimonios _9915 |
||
| 650 |
_aPerĂº _935 |
||
| 942 |
_2ddc _cLIBROS |
||
| 945 |
_apjha _d2019-04-16 |
||